Družstva podnikatelského typu v tržním systému ČR
História a chápanie družstiev v zaniknutom, centrálne plánovanom hospodárstve. Zmeny v družstevnom sektore v podmienkch trhu. Obnova dôveryhodnosti a možnosti ekonomického i mimoekonomického prínosu družstiev pre svojich členov.
Guardado en:
| Autor principal: | |
|---|---|
| Formato: | Capítulo de libro |
| Lenguaje: | checo |
| Materias: | |
| Etiquetas: |
Sin Etiquetas, Sea el primero en etiquetar este registro!
|
MARC
| LEADER | 00000nla$a2200000$$$4500 | ||
|---|---|---|---|
| 001 | 0144211 | ||
| 005 | 20220411125635.6 | ||
| 041 | 0 | |a cze | |
| 044 | |a CZ | ||
| 245 | 1 | 0 | |a Družstva podnikatelského typu v tržním systému ČR |c Jiří Novotný |
| 520 | |a História a chápanie družstiev v zaniknutom, centrálne plánovanom hospodárstve. Zmeny v družstevnom sektore v podmienkch trhu. Obnova dôveryhodnosti a možnosti ekonomického i mimoekonomického prínosu družstiev pre svojich členov. | ||
| 610 | 2 | 0 | |a Česko |
| 610 | 2 | 0 | |a história |
| 610 | 2 | 0 | |a družstvá |
| 610 | 2 | 0 | |a sektory hospodárske |
| 610 | 2 | 0 | |a sektor družstevný |
| 610 | 2 | 0 | |a družstevníctvo |
| 610 | 2 | 0 | |a stratégia podnikateľská |
| 610 | 2 | 0 | |a prostredie podnikateľské |
| 610 | 2 | 0 | |a efektívnosť ekonomická |
| 100 | 1 | |a Novotný, Jiří | |